Latin Words #1 - Statistics

General Stats
  • This quiz has been taken 252 times
  • The average score is 7 of 15
Answer Stats
Latin English Translation % Correct
Ego I
97%
Italia Italy
91%
Femina Woman
83%
Romanus Roman
82%
Est Is
70%
Minimus Small
61%
Salve! Hello
48%
Magister Teacher
46%
Puellae Girls
38%
Nauta Sailor
33%
Sedet Sit
29%
Laeta Happy
19%
Quod Because
18%
Agricolae Farmers
18%
Tandem At last
10%
No matching quizzes found
Score Distribution
Percent of People with Each Score
Percentile by Number Answered
Your Score History
You have not taken this quiz